| 000 | 01036nam a22002297a 4500 | ||
|---|---|---|---|
| 005 | 20250617160833.0 | ||
| 008 | s2553 th tha d | ||
| 020 | _a9786167180083 | ||
| 041 | _atha | ||
| 050 | _aDS588.N6 ส533อ 2553 | ||
| 100 | 0 | _aสังคีต จันทนะโพธิ | |
| 245 | 1 | 0 | _aอดีตกรุล้านนา เล่ม 2 |
| 260 | 3 |
_aกรุงเทพฯ : _bสยามบันทึก, _c2553 |
|
| 300 |
_a238 หน้า : _b ภาพประกอบ ; _c 21 ซม. |
||
| 650 | 0 | 4 | _aไทย (ภาคเหนือ) -- ประวัติศาสตร์ |
| 650 | 0 | 4 | _aไทย -- ประวัติศาสตร์ -- ล้านนา |
| 850 | _aNALT | ||
| 942 |
_cGB _03 |
||
| 997 | _a37503 ฉ.1 /37504 ฉ.2 | ||
| 997 | _c000000000061608 | ||
| 998 |
_aนางสาวชัชฎา จูฑะรักษ์ _j111 _k นางสาวพจพิณ พรมเอี่ยม |
||
| 999 |
_c61608 _d61608 |
||